Introduction to artificial neural system (Record no. 5828)

MARC details
000 -LEADER
fixed length control field 00444 a2200169 4500
001 - CONTROL NUMBER
control field 131308
003 - CONTROL NUMBER IDENTIFIER
control field OSt
005 - DATE AND TIME OF LATEST TRANSACTION
control field 20210910161845.0
008 - FIXED-LENGTH DATA ELEMENTS--GENERAL INFORMATION
fixed length control field
082 ## - DEWEY DECIMAL CLASSIFICATION NUMBER
Classification number 006.3
Item number Z86I
100 1# - MAIN ENTRY--PERSONAL NAME
Personal name Zurada, Jacek M.
245 1# - TITLE STATEMENT
Title Introduction to artificial neural system
Statement of responsibility, etc by Jacek M. Zurada
260 ## - PUBLICATION, DISTRIBUTION, ETC. (IMPRINT)
Place of publication, distribution, etc Ahmedabad
Name of publisher, distributor, etc Jaico publishing
Date of publication, distribution, etc 2006
300 ## - PHYSICAL DESCRIPTION
Extent 683p.
690 ## - LOCAL SUBJECT ADDED ENTRY--TOPICAL TERM (OCLC, RLIN)
Topical term or geographic name as entry element Artificial intelligence
942 ## - ADDED ENTRY ELEMENTS (KOHA)
Source of classification or shelving scheme Dewey Decimal Classification
Koha item type Books
Holdings
Withdrawn status Lost status Source of classification or shelving scheme Damaged status Not for loan Collection code Home library Current library Date acquired Source of acquisition Cost, normal purchase price Full call number Barcode Date last seen Price effective from Koha item type
    Dewey Decimal Classification     General Text Book Central University Of Rajasthan Central University Of Rajasthan 08/06/2012 CSC 395.00 006.3 Z86I 7386 21/11/2024 02/09/2020 Books